Técnicas de los grandes maestros de la alfarería y cerámica (Record no. 365)
[ view plain ]
| 000 -CABECERA | |
|---|---|
| campo de control de longitud fija | 00873nam a2200241 a 4500 |
| 001 - NÚMERO DE CONTROL | |
| campo de control | BRCA_430 |
| 005 - FECHA Y HORA DE LA ÚLTIMA TRANSACCIÓN | |
| campo de control | 20190320203016.0 |
| 008 - DATOS DE LONGITUD FIJA--INFORMACIÓN GENERAL | |
| campo de control de longitud fija | 000914s1996 sp a b 001 0 spa d |
| 020 ## - NÚMERO INTERNACIONAL ESTÁNDAR DEL LIBRO | |
| Número Internacional Estándar del Libro | 848775676X |
| 040 ## - FUENTE DE LA CATALOGACIÓN | |
| Centro catalogador/agencia de origen | XRW |
| Centro/agencia transcriptor | XRW |
| 050 #4 - SIGNATURA TOPOGRÁFICA DE LA BIBLIOTECA DEL CONGRESO | |
| Número de clasificación | NK3780 |
| Número de documento/Ítem | .T43 |
| -- | 1989 |
| 245 10 - MENCIÓN DE TÍTULO | |
| Título | Técnicas de los grandes maestros de la alfarería y cerámica |
| Mención de responsabilidad, etc. | coordinado por Hugo Morley-Fletcher ; [traducción Juan Manuel Ibeas] |
| 260 ## - PUBLICACIÓN, DISTRIBUCIÓN, ETC. | |
| Lugar de publicación, distribución, etc. | Madrid |
| Nombre del editor, distribuidor, etc. | Hermann Blume |
| Fecha de publicación, distribución, etc. | 1996. |
| 300 ## - DESCRIPCIÓN FÍSICA | |
| Extensión | 192 p. |
| Otras características físicas | fot. (principalmente a color) |
| Dimensiones | 31 cm. |
| 500 ## - NOTA GENERAL | |
| Nota general | Traducción de: Techniques of the world´s great masters of pottery and ceramics. |
| 500 ## - NOTA GENERAL | |
| Nota general | Incluye glosario e índice. |
| 504 ## - NOTA DE BIBLIOGRAFÍA, ETC. | |
| Nota de bibliografía, etc. | Bibliografía: p. 187. |
| 650 14 - PUNTO DE ACCESO ADICIONAL DE MATERIA--TÉRMINO DE MATERIA | |
| Término de materia o nombre geográfico como elemento de entrada | Cerámica |
| Subdivisión general | Historia. |
| 9 (RLIN) | 1463 |
| 650 14 - PUNTO DE ACCESO ADICIONAL DE MATERIA--TÉRMINO DE MATERIA | |
| Término de materia o nombre geográfico como elemento de entrada | Porcelana |
| Subdivisión general | Historia. |
| 9 (RLIN) | 1464 |
| 700 1# - PUNTO DE ACCESO ADICIONAL--NOMBRE DE PERSONA | |
| Nombre de persona | Morley-Fletcher, Hugo |
| 9 (RLIN) | 1465 |
| 700 1# - PUNTO DE ACCESO ADICIONAL--NOMBRE DE PERSONA | |
| Nombre de persona | Ibeas, Juan Manuel |
| 9 (RLIN) | 1466 |
| 942 ## - ELEMENTOS DE PUNTO DE ACCESO ADICIONAL (KOHA) | |
| Fuente del sistema de clasificación o colocación | Library of Congress Classification |
| Tipo de ítem Koha | Libros |
| Estado de retiro | Estado de pérdida | Estado dañado | No para préstamo | Localización permanente | Ubicación/localización actual | Fecha de adquisición | Total de préstamos | Signatura topográfica completa | Código de barras | Fecha visto por última vez | Precio válido a partir de | Tipo de ítem Koha |
|---|---|---|---|---|---|---|---|---|---|---|---|---|
| El ejemplar forma parte de la colección y puede ser consultado según las políticas vigentes. | Biblioteca del Museo Franz Mayer (Rogerio Casas-Alatriste) | Biblioteca del Museo Franz Mayer (Rogerio Casas-Alatriste) | 25/06/2008 | NK3780 .T43 1989 | 00729 | 22/03/2019 | 22/03/2019 | Libros |